Statistics for ANZAC Day Quiz

Click here to take the quiz!

General Stats

  • This quiz has been taken 167 times
  • The average score is 11 of 15

Answer Stats

hintanswer% Correct
What the acronym ANZAC stands forA{ustralian and}
100%
What the acronym ANZAC stands forN{ew}
100%
What the acronym ANZAC stands forZ{ealand}
100%
What the acronym ANZAC stands forA{rmy}
92%
The ANZACs most famously fought in the...Battle of {Gallipoli}
90%
What the acronym ANZAC stands forC{orps}
85%
The battle site is in which present-day countryTurkey
83%
The year of this battle1915
81%
The war in which this battle was foughtWorld War I
79%
The day ANZAC day is observed25 April
75%
The side the ANZACs fought forBritish Empire
58%
Their opponents...Ottoman Empire
54%
... who were commanded by Mustafa Kemal Pasha
who later became more famously known as
Mustafa Kemal Atatürk
28%
The bay in which the main beach landing occurredAnzac Cove
24%
ANZAC's commander, a BritonGeneral William {Birdwood}
7%

Score Distribution

Percentile by Number Answered

Percent of People with Each Score

Your Score History

You have not taken this quiz